Prevaricacin̤ urbans̕tica y su sancin̤

Detalles Bibliográficos
Autor principal: Martn̕ez Atienza, Gorgonio
Formato: eBook
Lenguaje:español
Publicado: Barcelona: Editorial vLex, 2016
Materias:
Acceso en línea:Acceso restringido

MARC

LEADER 00000nam a22000007a 4500
005 20161214002630.0
007 cr|||| ||||
008 161214s2016 es |||||s|||| 00||0 spa d
035 |a 14677 
040 |a vLex 
090 |c 6495  |d 6495 
100 1 |a Martn̕ez Atienza, Gorgonio 
245 1 0 |a Prevaricacin̤ urbans̕tica y su sancin̤  |h [Recurso electrn̤ico] /  |c Gorgonio Martn̕ez Atienza 
256 |a Servicio en ln̕ea 
260 |a Barcelona:  |b Editorial vLex,  |c 2016 
300 |a 1 recurso electrn̤ico 
506 1 |a Disponible solo en los productos indicados  |d vLex Global  |d vLex Global (Academic Edition, excluding Law Schools)  |d vLex Global (U.S. Academic Edition, Law Schools)  |d vLex Global (U.S. Academic Edition, excluding Law Schools)  |d vLex Global (Academic Edition, Law Schools) 
650 0 4 |a Derecho Pb︢lico y Administrativo  |z Espaą 
740 0 |a vLex Libros (Servicio en ln̕ea) 
856 4 0 |u http://vlex.com/source/prevaricacion-urbanistica-sancion-14677  |z Acceso restringido 
942 |c BOOK 
999 0 |a Public and Administrative Law